000 00456nam a2200193Ia 4500
003 0100
008 130303s9999 xx 000 0 und d
040 _cARRUPELIB
050 _aBL53.S63 1965
100 _aSpinks, G. Stephens
245 _aPsychology and religion
245 _ban introduction to contemporary views
260 _aBoston
260 _bBeacon Press
260 _C1965
300 _a221p. 23 cm.
650 _aRELIGION
942 0 0 _01
999 _c40235
_d40235